|
|
|
|
| LEADER |
00000nas a2200000 a 4500 |
| 001 |
ssj0000399754 |
| 003 |
WaSeSS |
| 005 |
20200512172242.0 |
| 006 |
m d |
| 007 |
cr n |
| 008 |
081121c20099999nz uu p s 0 a0eng c |
| 010 |
|
|
|a 2012243714
|
| 016 |
7 |
|
|a 2587465-2
|2 DE-600
|
| 016 |
7 |
|
|a 101530345
|2 DNLM
|
| 022 |
|
|
|a 1179-1454
|l 1179-1454
|
| 035 |
|
|
|a (WaSeSS)ssj0000399754
|
| 040 |
|
|
|a NZ1
|b eng
|c NZ1
|d OCLCQ
|d HEBIS
|d NTE
|d NLM
|d OCLCF
|d CUS
|d EUW
|d OCLCQ
|d CASUM
|d OCLCQ
|d WT2
|d OCLCO
|d OCLCQ
|d OCLCA
|d BUF
|d OCLCQ
|d AU@
|d OCLCA
|d OCLCQ
|d WaSeSS
|
| 042 |
|
|
|a pcc
|
| 050 |
1 |
4 |
|a RM301.25
|
| 060 |
1 |
0 |
|a W1
|
| 082 |
0 |
4 |
|a 615.105
|2 22
|
| 210 |
1 |
0 |
|a J Exp Pharmacol
|2 dnlm
|
| 210 |
1 |
|
|a J. exp. pharmacol.
|
| 222 |
|
0 |
|a Journal of experimental pharmacology
|
| 245 |
0 |
0 |
|a Journal of experimental pharmacology
|h [electronic resource].
|
| 260 |
|
|
|a [Auckland, N.Z.] :
|b Dove Medical Press,
|c ©2009-
|
| 362 |
1 |
|
|a Began with 2009:1.
|
| 506 |
|
|
|a License restrictions may limit access.
|
| 515 |
|
|
|a Articles added irregularly during the year and collected into annual issues.
|
| 538 |
|
|
|a Mode of access: World Wide Web.
|
| 588 |
0 |
|
|a First issue; title from issue home page (viewed Feb. 18, 2010).
|
| 588 |
1 |
|
|a 2012:4 (viewed Oct. 26, 2012).
|
| 650 |
|
0 |
|a Pharmacology, Experimental
|v Periodicals.
|
| 650 |
1 |
2 |
|a Pharmacological Phenomena.
|
| 650 |
|
7 |
|a Pharmacology, Experimental.
|2 fast
|0 (OCoLC)fst01060280
|
| 655 |
|
0 |
|a Electronic journals.
|
| 856 |
4 |
0 |
|z Full text available from Research Library: 01/01/2009 to present
|u https://search.proquest.com/publication/3933411
|